[Event "Schachschule Erlangen op"]
[Site "Erlangen"]
[Date "1997.??.??"]
[Round "4"]
[White "Baumhus, Reinhard"]
[Black "Braun, Siegmund"]
[Result "1-0"]
[WhiteElo "2335"]
[BlackElo "1992"]
[PlyCount "49"]
[EventDate "1997.10.31"]
[EventType "swiss"]
[EventRounds "5"]
[EventCountry "GER"]
[SourceTitle "EXT 1999"]
[Source "ChessBase"]
[SourceDate "1998.11.16"]
[SourceVersion "1"]
[SourceVersionDate "1998.11.16"]
[SourceQuality "1"]

1. e4 c5 2. Nc3 Nc6 3. g3 g6 4. Bg2 Bg7 5. d3 e6 6. Be3 d6 7. Nge2 Nge7 8. 0-0 0-0 9. Qd2 b6 10. Bh6 Bb7 11. Bxg7 Kxg7 12. d4 e5 13. dxe5 dxe5 14. Nd5 Nxd5 15. exd5 Nd4 16. c4 Qf6 17. Nc3 Nf3+ 18. Bxf3 Qxf3 19. Rae1 Rfe8 20. Re3 Qg4 21. f4 exf4 22. Rxf4 Qd7 23. Ne4 f5 24. Qc3+ Kf7 25. Rh4 1-0

[Event "Regionalliga NW 9697"]
[Site "Bayern"]
[Date "1997.??.??"]
[Round "?"]
[White "Braun, Siegmund"]
[Black "Stauch, Frank"]
[Result "0-1"]
[WhiteElo "2005"]
[BlackElo "2075"]
[PlyCount "84"]
[EventDate "1996.10.??"]
[EventType "team-tourn"]
[EventRounds "9"]
[EventCountry "GER"]
[SourceTitle "EXT 1999"]
[Source "ChessBase"]
[SourceDate "1998.11.16"]
[SourceVersion "1"]
[SourceVersionDate "1998.11.16"]
[SourceQuality "1"]
[WhiteTeam "Coburg"]
[BlackTeam "Kronach"]
[WhiteTeamCountry "GER"]
[BlackTeamCountry "GER"]

1. Nf3 d5 2. g3 c5 3. Bg2 e6 4. 0-0 Nc6 5. d4 Nf6 6. c4 Be7 7. dxc5 0-0 8. a3 dxc4 9. Qc2 Qa5 10. Qxc4 Qxc5 11. Qxc5 Bxc5 12. b4 Be7 13. Bb2 Rd8 14. Nc3 Bd7 15. Rfd1 Be8 16. e3 Rxd1+ 17. Rxd1 Rd8 18. Rxd8 Bxd8 19. Nd2 Be7 20. Kf1 Bd7 21. Ke2 Kf8 22. h3 Ke8 23. Nde4 Nxe4 24. Nxe4 f6 25. h4 a5 26. Nc5 axb4 27. axb4 Bxc5 28. bxc5 Nd8 29. Be4 h6 30. Kd2 Bc6 31. Bd3 Ba4 32. Bg6+ Kd7 33. g4 e5 34. g5 hxg5 35. hxg5 Bb3 36. Kc3 Bd5 37. Kb4 fxg5 38. Bxe5 Nc6+ 39. Kc3 Nxe5 40. Bf5+ Kc6 41. f4 gxf4 42. exf4 Nd7 0-1

[Event "Staufer op 09th"]
[Site "Schwaebisch Gmuend"]
[Date "1997.??.??"]
[Round "2"]
[White "Braun, Siegmund"]
[Black "Tukmakov, Vladimir B"]
[Result "0-1"]
[WhiteElo "1995"]
[BlackElo "2580"]
[PlyCount "86"]
[EventDate "1997.01.??"]
[EventType "swiss"]
[EventRounds "9"]
[EventCountry "GER"]
[SourceTitle "EXT 1998"]
[Source "ChessBase"]
[SourceDate "1997.11.17"]
[SourceVersion "1"]
[SourceVersionDate "1997.11.17"]
[SourceQuality "1"]

1. Nf3 g6 2. g3 Bg7 3. d4 Nf6 4. Bg2 c5 5. 0-0 cxd4 6. Nxd4 d5 7. c4 dxc4 8. Qa4+ Nbd7 9. Qxc4 0-0 10. Nc3 Nb6 11. Qd3 a6 12. Rd1 e5 13. Nb3 Qc7 14. Bg5 h6 15. Bxf6 Bxf6 16. Qd6 Qxd6 17. Rxd6 Bd8 18. Na5 Rb8 19. Rad1 Bc7 20. R6d2 Kg7 21. b4 f5 22. Nd5 Nxd5 23. Bxd5 Kf6 24. Bb3 Re8 25. Nc4 Be6 26. Nd6 Red8 27. Bxe6 Kxe6 28. Nxb7 Rxb7 29. Rxd8 Bxd8 30. Rxd8 Rxb4 31. Rd3 a5 32. e3 a4 33. Kf1 g5 34. h3 h5 35. Ke1 h4 36. gxh4 Rxh4 37. Ra3 Kd5 38. f4 exf4 39. Rxa4 fxe3 40. Ra5+ Ke4 41. Ra4+ Kf3 42. Ra5 f4 43. Rxg5 Rxh3 0-1

[Event "Schachschule Erlangen op"]
[Site "Erlangen"]
[Date "1997.??.??"]
[Round "3"]
[White "Huger, Horst"]
[Black "Braun, Siegmund"]
[Result "0-1"]
[WhiteElo "1680"]
[BlackElo "1992"]
[PlyCount "20"]
[EventDate "1997.10.31"]
[EventType "swiss"]
[EventRounds "5"]
[EventCountry "GER"]
[SourceTitle "EXT 1999"]
[Source "ChessBase"]
[SourceDate "1998.11.16"]
[SourceVersion "1"]
[SourceVersionDate "1998.11.16"]
[SourceQuality "1"]

1. e4 c5 2. Nf3 g6 3. d4 cxd4 4. Nxd4 Nc6 5. Be3 Nf6 6. Nc3 Bg7 7. Nde2 Ng4 8. Bd4 Nxd4 9. Nxd4 Qb6 10. Ndb5 Qxf2# 0-1

[Event "Staufer op 09th"]
[Site "Schwaebisch Gmuend"]
[Date "1997.??.??"]
[Round "9"]
[White "Junger, Werner"]
[Black "Braun, Siegmund"]
[Result "1-0"]
[WhiteElo "2200"]
[BlackElo "1995"]
[PlyCount "69"]
[EventDate "1997.01.??"]
[EventType "swiss"]
[EventRounds "9"]
[EventCountry "GER"]
[SourceTitle "EXT 1998"]
[Source "ChessBase"]
[SourceDate "1997.11.17"]
[SourceVersion "1"]
[SourceVersionDate "1997.11.17"]
[SourceQuality "1"]

1. c4 g6 2. Nc3 Bg7 3. e4 c5 4. d3 Nc6 5. Nge2 e6 6. g3 Nge7 7. Bg2 0-0 8. 0-0 Rb8 9. Be3 d6 10. d4 cxd4 11. Nxd4 a6 12. Rc1 Nxd4 13. Bxd4 e5 14. Ba7 Ra8 15. Be3 Nc6 16. Rc2 Be6 17. b3 Rb8 18. Rd2 Qa5 19. Qc1 Nd4 20. Ne2 b5 21. Nxd4 exd4 22. Bxd4 Bxd4 23. Rxd4 bxc4 24. bxc4 Qxa2 25. Rxd6 Bxc4 26. Rfd1 Rb2 27. Rd8 Rxf2 28. Rxf8+ Kxf8 29. Qh6+ Ke8 30. Bh3 Qe2 31. Bd7+ Ke7 32. Qg5+ f6 33. Qc5+ Kf7 34. Be6+ Bxe6 35. Qc7+ 1-0

[Event "Regionalliga NW 9596"]
[Site "Bayern"]
[Date "1996.??.??"]
[Round "?"]
[White "Seuffert, Gabriel"]
[Black "Braun, Siegmund"]
[Result "1/2-1/2"]
[WhiteElo "2085"]
[BlackElo "1990"]
[PlyCount "47"]
[EventDate "1995.10.??"]
[EventType "team-tourn"]
[EventRounds "9"]
[EventCountry "GER"]
[SourceTitle "EXT 1999"]
[Source "ChessBase"]
[SourceDate "1998.11.16"]
[SourceVersion "1"]
[SourceVersionDate "1998.11.16"]
[SourceQuality "1"]
[WhiteTeam "Sailauf"]
[BlackTeam "Coburg"]
[WhiteTeamCountry "GER"]
[BlackTeamCountry "GER"]

1. c4 g6 2. g3 Bg7 3. Nf3 c5 4. Bg2 Nf6 5. Nc3 d5 6. cxd5 Nxd5 7. Nxd5 Qxd5 8. 0-0 Nc6 9. d3 0-0 10. Ng5 Qd7 11. a3 b6 12. Rb1 Bb7 13. Qa4 Rad8 14. Qh4 h6 15. Ne4 Nd4 16. Re1 f5 17. Nc3 Bxg2 18. Kxg2 g5 19. Qh5 e5 20. Kg1 Qc6 21. Be3 Nb3 22. f3 Rde8 23. Bf2 Nd4 24. h4 1/2-1/2